| 000 | 01387nam a2200217 a 4500 | ||
|---|---|---|---|
| 001 | 17138 | ||
| 003 | CO-ViMGA | ||
| 008 | 141112s2004 ck r 000 u spa d | ||
| 020 | _a9586550788 | ||
| 040 |
_aCO-ViMGA _bspa _cCO-ViMGA |
||
| 082 | 0 | 4 | _a616.96 L653c |
| 100 | 1 |
_aLondoño Morales, Ivan _924338 |
|
| 245 | 1 | 0 | _aClínica y complicaciones de las parasitosis |
| 260 |
_aMedellín (Antioquia), _cUniversidad de Antioquia, _c1993 |
||
| 300 | _a712.p. | ||
| 505 | _aDiarreas Amibiasis intestinal Amibiasis hepática Amibiasis pleuropulmonar Amibiasis peritoneal Amibiasis pericárdica Amibiasis cutánea Amibiasis urogenital Amibiasis cerebral Infección humana por amibas de vida libre Balantidiasis Giardiasis Cryptosporidiosis Sarcocystosis Neumocistosis o neumonía de celulas plasmáticas Helmintología Ascariasis Tricocefalosis Oxiuriasis o entorobiasis Uncinariasis o anquilostomiasis Estrongiloidiasis Síndrome de migración larvaria Filariasis Teniasis Himenolepiasis Cisticercosis Hidatidosis Tremátodos Fascioliasis Paragonimiasis Malaria o paludismo Leishmaniasis Tripanosomiasis Toxoplasmosis Enfermedades producidas y transmitidas por artrópodos - Vectores Esquistosomiasis o bilharziasis | ||
| 590 | _aForma de adquisición : Premio - Mincultura | ||
| 650 | 1 | 4 |
_aGUSANOS - PARASITOS INTESTINALES _924339 |
| 650 | 1 | 4 |
_aPARASITOLOGIA MEDICA _95732 |
| 942 |
_2ddc _cBK |
||
| 999 |
_c26740 _d26740 |
||